Law reforms in a democratic society (Record no. 58845)

MARC details
000 -LEADER
fixed length control field 00345nam a2200145Ia 4500
008 - FIXED-LENGTH DATA ELEMENTS--GENERAL INFORMATION
fixed length control field 230917s9999||||xx |||||||||||||| ||und||
040 ## - CATALOGING SOURCE
-- 78895
Original cataloging agency VIVEKANANDA LIBRARY
041 ## - Language
-- English
082 ## - DDC NUMBER
Classification number 340 S64L
100 ## - MAIN ENTRY--PERSONAL NAME
Personal name Scarman
245 #0 - TITLE STATEMENT
Title Law reforms in a democratic society
260 ## - PUBLICATION, DISTRIBUTION, ETC. (IMPRINT)
Place of publication, distribution, etc New Delhi
Name of publisher, distributor, etc National
Date of publication, distribution, etc 1985
300 ## - PHYSICAL DESCRIPTION
Pages 114 p.
942 ## - ADDED ENTRY ELEMENTS (KOHA)
Koha item type Books
Holdings
Withdrawn status Lost status Damaged status Not for loan Location (home branch) Sublocation or collection (holding branch) Date acquired Koha issues (times borrowed) Koha full call number Accession No. Koha date last seen Koha item type
        VIVEKANANDA LIBRARY VIVEKANANDA LIBRARY 06/03/2003   340 S64L 129535 17/09/2023 Books
© Designed and Maintained by Vivekananda Library, MDU Rohtak